Some boundary value problems for first order scalar functional differential equations /
Guardado en:
| Autor Principal: | |
|---|---|
| Otros Autores: | , |
| Formato: | Libro |
| Idioma: | English |
| Publicado: |
Brno, Czech Republic :
Masaryk University,
2002.
|
| Series: | Folia Facultatis Scientiarum Naturalium Universitatis Masarykianae Brunensis. Mathematica ;
v. 10 |
| Etiquetas: |
Agregar Etiqueta
Sin Etiquetas, Sea el primero en etiquetar este registro!
|
| LEADER | 00856nam a22002175a 4500 | ||
|---|---|---|---|
| 001 | MAT.inmabb002253 | ||
| 008 | 040302s2002####xr#a#####b####000#0#eng#d | ||
| 005 | 20130315110321.0 | ||
| 245 | 1 | 0 | |a Some boundary value problems for first order scalar functional differential equations / |c Robert Hakl, Alexander Lomtatidze, Jiri Sremr. |
| 260 | |a Brno, Czech Republic : |b Masaryk University, |c 2002. | ||
| 300 | |a 299 p. : |b il. ; |c 24 cm. | ||
| 440 | 0 | |a Folia Facultatis Scientiarum Naturalium Universitatis Masarykianae Brunensis. |p Mathematica ; |v v. 10 | |
| 504 | |a Bibliografia: p. 293-299. | ||
| 510 | 4 | |a MR | |
| 020 | |a 8021030127 | ||
| 100 | 1 | |a Hakl, Robert. | |
| 700 | 1 | |a Lomtatidze, Alexander. | |
| 700 | 1 | |a Sremr, Jiri. | |
| 084 | |a 34Kxx (34K05 34K13 34L99) |2 msc2000 | ||
| 859 | |h 34 |i H156 |p A-8092 |b BIB. MATEMATICA | ||
| 859 | |h 34 |i H156 |p A-8139 |t Ej. 2 |b BIB. MATEMATICA | ||
